<?xml version="1.0" encoding="UTF-8"?>
<record
    xmlns:xsi="http://www.w3.org/2001/XMLSchema-instance"
    xsi:schemaLocation="http://www.loc.gov/MARC21/slim http://www.loc.gov/standards/marcxml/schema/MARC21slim.xsd"
    xmlns="http://www.loc.gov/MARC21/slim">

  <leader>00533nam a22001817a 4500</leader>
  <datafield tag="999" ind1=" " ind2=" ">
    <subfield code="c">4365</subfield>
    <subfield code="d">4365</subfield>
  </datafield>
  <controlfield tag="003">GBCCL</controlfield>
  <controlfield tag="005">20241126110517.0</controlfield>
  <controlfield tag="008">180119b        xxu||||| |||| 00| 0 eng d</controlfield>
  <datafield tag="040" ind1=" " ind2=" ">
    <subfield code="c">gbc</subfield>
  </datafield>
  <datafield tag="082" ind1=" " ind2=" ">
    <subfield code="a">227.91007</subfield>
    <subfield code="b">DRU</subfield>
  </datafield>
  <datafield tag="100" ind1=" " ind2=" ">
    <subfield code="a">Drullinger, David W.</subfield>
    <subfield code="9">8205</subfield>
  </datafield>
  <datafield tag="245" ind1=" " ind2=" ">
    <subfield code="a">James:</subfield>
    <subfield code="b">Faith in Action /</subfield>
    <subfield code="c">David W. Drullinger</subfield>
  </datafield>
  <datafield tag="260" ind1=" " ind2=" ">
    <subfield code="b">Regular Baptist Press,</subfield>
    <subfield code="a">Illinois:</subfield>
    <subfield code="c">1997</subfield>
  </datafield>
  <datafield tag="300" ind1=" " ind2=" ">
    <subfield code="a">127 p.;</subfield>
    <subfield code="c">22 cm.</subfield>
  </datafield>
  <datafield tag="440" ind1=" " ind2=" ">
    <subfield code="a">Adult Student Manual</subfield>
    <subfield code="n">4</subfield>
    <subfield code="v">46</subfield>
    <subfield code="9">8206</subfield>
  </datafield>
  <datafield tag="650" ind1=" " ind2=" ">
    <subfield code="a">Bible</subfield>
    <subfield code="v">New Testament</subfield>
    <subfield code="v">James</subfield>
    <subfield code="x">Study</subfield>
    <subfield code="9">7930</subfield>
  </datafield>
  <datafield tag="942" ind1=" " ind2=" ">
    <subfield code="2">ddc</subfield>
    <subfield code="c">BK</subfield>
    <subfield code="0">22</subfield>
  </datafield>
  <datafield tag="952" ind1=" " ind2=" ">
    <subfield code="0">0</subfield>
    <subfield code="1">0</subfield>
    <subfield code="2">ddc</subfield>
    <subfield code="4">0</subfield>
    <subfield code="7">0</subfield>
    <subfield code="a">GBC</subfield>
    <subfield code="b">GBC</subfield>
    <subfield code="c">BS</subfield>
    <subfield code="d">2018-01-19</subfield>
    <subfield code="l">2</subfield>
    <subfield code="m">4</subfield>
    <subfield code="o">227.91007 DRU</subfield>
    <subfield code="p">013187</subfield>
    <subfield code="r">2025-05-01 00:00:00</subfield>
    <subfield code="s">2019-09-17</subfield>
    <subfield code="t">c.4</subfield>
    <subfield code="w">2018-01-19</subfield>
    <subfield code="y">BK</subfield>
  </datafield>
  <datafield tag="952" ind1=" " ind2=" ">
    <subfield code="0">0</subfield>
    <subfield code="1">0</subfield>
    <subfield code="2">ddc</subfield>
    <subfield code="4">0</subfield>
    <subfield code="7">0</subfield>
    <subfield code="a">GBC</subfield>
    <subfield code="b">GBC</subfield>
    <subfield code="c">BS</subfield>
    <subfield code="d">2018-01-19</subfield>
    <subfield code="l">2</subfield>
    <subfield code="o">227.91007 DRU</subfield>
    <subfield code="p">013186</subfield>
    <subfield code="r">2025-05-01 00:00:00</subfield>
    <subfield code="s">2024-02-05</subfield>
    <subfield code="t">c.3</subfield>
    <subfield code="w">2018-01-19</subfield>
    <subfield code="y">BK</subfield>
  </datafield>
  <datafield tag="952" ind1=" " ind2=" ">
    <subfield code="0">0</subfield>
    <subfield code="1">0</subfield>
    <subfield code="2">ddc</subfield>
    <subfield code="4">0</subfield>
    <subfield code="7">0</subfield>
    <subfield code="a">GBC</subfield>
    <subfield code="b">GBC</subfield>
    <subfield code="c">BS</subfield>
    <subfield code="d">2018-01-19</subfield>
    <subfield code="l">0</subfield>
    <subfield code="o">227.91007 DRU</subfield>
    <subfield code="p">013201</subfield>
    <subfield code="r">2025-05-01 00:00:00</subfield>
    <subfield code="t">c.5</subfield>
    <subfield code="w">2018-01-19</subfield>
    <subfield code="y">BK</subfield>
  </datafield>
  <datafield tag="952" ind1=" " ind2=" ">
    <subfield code="0">0</subfield>
    <subfield code="1">0</subfield>
    <subfield code="2">ddc</subfield>
    <subfield code="4">0</subfield>
    <subfield code="7">0</subfield>
    <subfield code="a">GBC</subfield>
    <subfield code="b">GBC</subfield>
    <subfield code="c">BS</subfield>
    <subfield code="d">2018-01-22</subfield>
    <subfield code="l">5</subfield>
    <subfield code="o">227.91007 DRU</subfield>
    <subfield code="p">013185</subfield>
    <subfield code="r">2025-05-01 00:00:00</subfield>
    <subfield code="s">2025-01-27</subfield>
    <subfield code="t">c.2</subfield>
    <subfield code="w">2018-01-22</subfield>
    <subfield code="y">BK</subfield>
  </datafield>
  <datafield tag="952" ind1=" " ind2=" ">
    <subfield code="0">0</subfield>
    <subfield code="1">0</subfield>
    <subfield code="2">ddc</subfield>
    <subfield code="4">0</subfield>
    <subfield code="7">0</subfield>
    <subfield code="a">GBC</subfield>
    <subfield code="b">GBC</subfield>
    <subfield code="c">BS</subfield>
    <subfield code="d">2018-01-22</subfield>
    <subfield code="l">5</subfield>
    <subfield code="o">227.91007 DRU</subfield>
    <subfield code="p">007719</subfield>
    <subfield code="r">2025-05-01 00:00:00</subfield>
    <subfield code="s">2024-02-02</subfield>
    <subfield code="t">c.1</subfield>
    <subfield code="w">2018-01-22</subfield>
    <subfield code="y">BK</subfield>
  </datafield>
  <datafield tag="952" ind1=" " ind2=" ">
    <subfield code="0">0</subfield>
    <subfield code="1">0</subfield>
    <subfield code="2">ddc</subfield>
    <subfield code="4">0</subfield>
    <subfield code="7">0</subfield>
    <subfield code="a">GBC</subfield>
    <subfield code="b">GBC</subfield>
    <subfield code="c">BS</subfield>
    <subfield code="d">2018-03-26</subfield>
    <subfield code="l">0</subfield>
    <subfield code="o">227.91007 DRU</subfield>
    <subfield code="p">013212</subfield>
    <subfield code="r">2025-05-01 00:00:00</subfield>
    <subfield code="t">c.6</subfield>
    <subfield code="w">2018-03-26</subfield>
    <subfield code="y">BK</subfield>
  </datafield>
  <datafield tag="952" ind1=" " ind2=" ">
    <subfield code="0">0</subfield>
    <subfield code="1">0</subfield>
    <subfield code="2">ddc</subfield>
    <subfield code="4">0</subfield>
    <subfield code="7">0</subfield>
    <subfield code="a">GBC</subfield>
    <subfield code="b">GBC</subfield>
    <subfield code="c">BS</subfield>
    <subfield code="d">2018-03-26</subfield>
    <subfield code="l">2</subfield>
    <subfield code="o">227.91007 DRU</subfield>
    <subfield code="p">013219</subfield>
    <subfield code="r">2025-05-01 00:00:00</subfield>
    <subfield code="s">2024-01-27</subfield>
    <subfield code="t">c.7</subfield>
    <subfield code="w">2018-03-26</subfield>
    <subfield code="y">BK</subfield>
  </datafield>
  <datafield tag="952" ind1=" " ind2=" ">
    <subfield code="0">0</subfield>
    <subfield code="1">0</subfield>
    <subfield code="2">ddc</subfield>
    <subfield code="4">0</subfield>
    <subfield code="7">0</subfield>
    <subfield code="a">GBC</subfield>
    <subfield code="b">GBC</subfield>
    <subfield code="c">BS</subfield>
    <subfield code="d">2018-03-26</subfield>
    <subfield code="l">0</subfield>
    <subfield code="o">227.91007 DRU</subfield>
    <subfield code="p">013220</subfield>
    <subfield code="r">2025-05-01 00:00:00</subfield>
    <subfield code="t">c.8</subfield>
    <subfield code="w">2018-03-26</subfield>
    <subfield code="y">BK</subfield>
  </datafield>
  <datafield tag="952" ind1=" " ind2=" ">
    <subfield code="0">0</subfield>
    <subfield code="1">0</subfield>
    <subfield code="2">ddc</subfield>
    <subfield code="4">0</subfield>
    <subfield code="7">0</subfield>
    <subfield code="a">GBC</subfield>
    <subfield code="b">GBC</subfield>
    <subfield code="c">BS</subfield>
    <subfield code="d">2018-03-26</subfield>
    <subfield code="l">0</subfield>
    <subfield code="o">227.91007 DRU</subfield>
    <subfield code="p">013221</subfield>
    <subfield code="r">2025-05-01 00:00:00</subfield>
    <subfield code="t">c.9</subfield>
    <subfield code="w">2018-03-26</subfield>
    <subfield code="y">BK</subfield>
  </datafield>
  <datafield tag="952" ind1=" " ind2=" ">
    <subfield code="0">0</subfield>
    <subfield code="1">0</subfield>
    <subfield code="2">ddc</subfield>
    <subfield code="4">0</subfield>
    <subfield code="7">0</subfield>
    <subfield code="a">GBC</subfield>
    <subfield code="b">GBC</subfield>
    <subfield code="c">BS</subfield>
    <subfield code="d">2018-03-26</subfield>
    <subfield code="l">1</subfield>
    <subfield code="m">1</subfield>
    <subfield code="o">227.91007 DRU</subfield>
    <subfield code="p">013233</subfield>
    <subfield code="r">2025-05-01 00:00:00</subfield>
    <subfield code="s">2024-01-27</subfield>
    <subfield code="t">c.10</subfield>
    <subfield code="w">2018-03-26</subfield>
    <subfield code="y">BK</subfield>
  </datafield>
  <datafield tag="952" ind1=" " ind2=" ">
    <subfield code="0">0</subfield>
    <subfield code="1">0</subfield>
    <subfield code="2">ddc</subfield>
    <subfield code="4">0</subfield>
    <subfield code="7">0</subfield>
    <subfield code="a">GBC</subfield>
    <subfield code="b">GBC</subfield>
    <subfield code="c">BS</subfield>
    <subfield code="d">2018-03-26</subfield>
    <subfield code="l">1</subfield>
    <subfield code="o">227.91007 DRU</subfield>
    <subfield code="p">013234</subfield>
    <subfield code="r">2025-05-01 00:00:00</subfield>
    <subfield code="s">2023-02-10</subfield>
    <subfield code="t">c.11</subfield>
    <subfield code="w">2018-03-26</subfield>
    <subfield code="y">BK</subfield>
  </datafield>
  <datafield tag="952" ind1=" " ind2=" ">
    <subfield code="0">0</subfield>
    <subfield code="1">0</subfield>
    <subfield code="2">ddc</subfield>
    <subfield code="4">0</subfield>
    <subfield code="7">0</subfield>
    <subfield code="a">GBC</subfield>
    <subfield code="b">GBC</subfield>
    <subfield code="c">BS</subfield>
    <subfield code="d">2018-03-26</subfield>
    <subfield code="l">1</subfield>
    <subfield code="o">227.91007 DRU</subfield>
    <subfield code="p">013239</subfield>
    <subfield code="r">2025-05-01 00:00:00</subfield>
    <subfield code="s">2023-02-10</subfield>
    <subfield code="t">c.12</subfield>
    <subfield code="w">2018-03-26</subfield>
    <subfield code="y">BK</subfield>
  </datafield>
  <datafield tag="952" ind1=" " ind2=" ">
    <subfield code="0">0</subfield>
    <subfield code="1">0</subfield>
    <subfield code="2">ddc</subfield>
    <subfield code="4">0</subfield>
    <subfield code="7">0</subfield>
    <subfield code="a">GBC</subfield>
    <subfield code="b">GBC</subfield>
    <subfield code="c">BS</subfield>
    <subfield code="d">2018-03-26</subfield>
    <subfield code="l">5</subfield>
    <subfield code="m">1</subfield>
    <subfield code="o">227.91007 DRU</subfield>
    <subfield code="p">013240</subfield>
    <subfield code="r">2025-08-29 11:06:32</subfield>
    <subfield code="s">2025-08-22</subfield>
    <subfield code="t">c.13</subfield>
    <subfield code="w">2018-03-26</subfield>
    <subfield code="y">BK</subfield>
  </datafield>
  <datafield tag="952" ind1=" " ind2=" ">
    <subfield code="0">0</subfield>
    <subfield code="1">0</subfield>
    <subfield code="2">ddc</subfield>
    <subfield code="4">0</subfield>
    <subfield code="7">0</subfield>
    <subfield code="a">GBC</subfield>
    <subfield code="b">GBC</subfield>
    <subfield code="c">BS</subfield>
    <subfield code="d">2018-03-26</subfield>
    <subfield code="l">0</subfield>
    <subfield code="o">227.91007 DRU</subfield>
    <subfield code="p">013259</subfield>
    <subfield code="r">2025-05-01 00:00:00</subfield>
    <subfield code="t">c.14</subfield>
    <subfield code="w">2018-03-26</subfield>
    <subfield code="y">BK</subfield>
  </datafield>
</record>
